00383nam a22001337a 450000500170000000800410001704100230005808200130008110000230009424500400011726000380015730000290019565000250022420240829105727.0240829b |||||||| |||| 00| 0 eng d aEnglish/Afrikaans  a349 LAW  lEnglish/Afrikaans  aThe Laws of South West Africa 1942  aWindhoek: bBy Authority, c1942  bci, 607 pages; c25 cm.  aLegal practice bLaw